| 000 | 00445nam a22001577a 4500 | ||
|---|---|---|---|
| 020 | _a9780070606272 | ||
| 082 | _a629.89516 | ||
| 100 | _aKenneth J. Hintz | ||
| 245 | _aMicrocontrollers: Architecture, Implementation and Programming | ||
| 260 |
_aNew Delhi (India) _bTata McGraw-Hill Publishing Company Limited _c2005 |
||
| 300 |
_a483 p. xii _bill. |
||
| 500 | _ainclude Index | ||
| 650 | _aProgramming | ||
| 700 | _aDaniel Tabak | ||
| 942 | _cBK | ||
| 999 |
_c12154 _d12154 |
||